A quel rappeur français appartient cette chanson ? - Statistiques

Statistiques générales
  • Ce quiz a été pris 238 fois
  • Le résultat moyen est 15 sur 20
Statistiques - réponses
Hint Réponse % Correct
CIEL Gims
95%
92i Veyron Booba
88%
KYKY2BONDY Hamza
87%
Un peu de haine PLK
83%
Amber Zola
83%
Onizuka PNL
82%
Cartier Santos SDM
81%
Meuda Tiakola
81%
Désaccordé Vald
80%
Fixette Ziak
80%
Zoo Kaaris
79%
Urus Favé
77%
Phénoménal JUL
74%
La Terre est ronde Orelsan
72%
Rosa Gradur
65%
Magie Maes
58%
Fusil SCH
56%
Marie Koba LaD
50%
Petit frère IAM
49%
Garçon Luther
34%
Aucun quiz correspondant
Distribution des résultats
% des personnes avec chaque résultat
Percentile par nombre de réponses
Votre historique - résultats
Vous n’avez pas pris ce quiz